=LDR 00000nam 2200000 4500 =001 $a INLIS000000000008531 =005 $a 20260630100043 =008 $a 260630###########################0#ind## =022 ##$$a - =035 ##$$a 0010-0626000158 =082 ##$$a 651.53 =084 ##$$a 651.53 ZUL f =100 #$$a Zulkifli Amsyah =245 ##$$a Filing $b - $c Zulkifli Amsyah =246 ##$$a =260 ##$$a Jakarta $b Tintamas $c 1980 =300 ##$$a vii, 143 halaman $b ilus $c 21 cm $d =336 ##$$a =337 ##$$a =338 ##$$a =520 #$$a =650 #$$a Kearsipan =700 #$$a =740 ##$$a =856 ##$$a Perpustakaan kemendukbangga =Wor $a 1